Geoff Johns Filmography - Statistics

General Stats
  • This quiz has been taken 2 times
  • The average score is 6 of 25
Answer Stats
Hint Answer % Correct
2011 Green Lantern
100%
2018 Aquaman
50%
2016 Batman V. Superman: Dawn of Justice
50%
2020 Birds of Prey
50%
2017 Justice League
50%
2019 Shazam!
50%
2023 Shazam!: Fury of the Gods
50%
2016 Suicide Squad
50%
2021 The Suicide Squad
50%
2017 Wonder Woman
50%
2020 Wonder Woman 1984
50%
1997 Conspiracy Theory
0%
1997 Double Tap
0%
TBD Frosty the Snowman
0%
TBD Green Lantern Corps
0%
2011 Green Lantern: Emerald Knights
0%
2013 Justice League: The Flashpoint Paradox
0%
2015 Justice League: Throne of Atlantis
0%
2014 Justice League: War
0%
1998 Lethal Weapon 4
0%
2012 Robot Chicken: DC Comics Special
0%
2014 Robot Chicken DC Comics Special II: Villains in Paradise
0%
2010 Robot Chicken: Star Wars III
0%
2013 Superman: Unbound
0%
TBD Untitled Joker/ Harley Quinn Project
0%
No matching quizzes found
Score Distribution
Percent of People with Each Score
Percentile by Number Answered
Your Score History
You have not taken this quiz